000 00720nam a2200193Ia 4500
003 GCL
008 140319s9999 xx 000 0 ara d
040 _aGCL /
_cGCL
082 0 4 _a916.91
_bم م
100 1 _aمحمد بن ناصر العبودى
245 1 0 _aمدغشقر بلاد المسلمين الضائعين /
_cمحمد بن ناصر العبودى
260 _aالرياض :
_bالنادى الادبى الثقافى ،
_c1981
300 _a255 ص ؛
_c24 سم
650 0 4 _aمدغشقر - وصف ورحلات
650 0 4 _aمدغشقر - الوصف الجغرافى
650 0 4 _aالمسلمون فى مدغشقر
650 0 4 _aمدغشقر - الاحوال الاجتماعية
942 _2ddc
_cBK
999 _c7041
_d7041